Neurovasculature of the Lower Limb - Statistics

General Stats
  • This quiz has been taken 112 times
  • The average score is 7 of 10
Answer Stats
Hint Answer % Correct
Which nerve supplies the anterior compartment of the thigh? The femoral
99%
Which nerve supplies the posterior compartment of the thigh? The sciatic
94%
Which nerve supplies the medial compartment of the thigh? The obturator
93%
Which nerve supplies the posterior compartment of the leg? The tibial
88%
Which arteries supply the posterior compartment of the leg? The posterior tibialThe fibular
76%
What does the femoral artery become when it passes through the adductor hiatus? The popliteal
68%
Branches of which artery supply the muscles of the thigh? The femoral
61%
Which nerve supplies the anterior compartment of the leg? The deep fibular
58%
Which nerve supplies the lateral compartment of the leg? The superficial fibular
51%
Which artery supplies the anterior compartment of the leg? The anterior tibial
50%
No matching quizzes found
Score Distribution
Percent of People with Each Score
Percentile by Number Answered
Your Score History
You have not taken this quiz